Countries Recognized by the Vatican - Statistics

General Stats
  • This quiz has been taken 65 times
    43 since last reset
  • The average score is 134 of 186
Answers on the Map
Answers color-coded by a green-red scale on the quiz's map according to % correct below.
 
Answer Stats
Country % Correct
Italy
89%
United States
89%
Bhutan
84%
Canada
84%
India
84%
Iran
84%
Iraq
84%
North Korea
84%
Norway
84%
Angola
79%
Argentina
79%
Azerbaijan
79%
Belize
79%
Brazil
79%
Czech Republic
79%
Dem. Rep. of the Congo
79%
Egypt
79%
Estonia
79%
Finland
79%
France
79%
Georgia
79%
Greece
79%
Honduras
79%
Ireland
79%
Japan
79%
Kazakhstan
79%
Mexico
79%
Nicaragua
79%
Niger
79%
Nigeria
79%
Pakistan
79%
Paraguay
79%
Portugal
79%
Republic of the Congo
79%
Russia
79%
Slovenia
79%
South Africa
79%
South Korea
79%
Spain
79%
Sweden
79%
Turkmenistan
79%
United Kingdom
79%
Uruguay
79%
Albania
74%
Algeria
74%
Andorra
74%
Armenia
74%
Australia
74%
Austria
74%
Bangladesh
74%
Belarus
74%
Belgium
74%
Benin
74%
Bolivia
74%
Bosnia and Herzegovina
74%
Botswana
74%
Bulgaria
74%
Cambodia
74%
Cameroon
74%
Central African Republic
74%
Chad
74%
Chile
74%
Colombia
74%
Croatia
74%
Cuba
74%
Denmark
74%
Djibouti
74%
Dominican Republic
74%
Ecuador
74%
Ethiopia
74%
Germany
74%
Guinea
74%
Guyana
74%
Hungary
74%
Israel
74%
Jordan
74%
Kenya
74%
Kyrgyzstan
74%
Latvia
74%
Lesotho
74%
Libya
74%
Lithuania
74%
Luxembourg
74%
Malawi
74%
Mali
74%
Mongolia
74%
Morocco
74%
Myanmar
74%
Netherlands
74%
New Zealand
74%
Panama
74%
Peru
74%
Poland
74%
Romania
74%
Serbia
74%
Slovakia
74%
South Sudan
74%
Sudan
74%
Suriname
74%
Switzerland
74%
Syria
74%
Taiwan
74%
Tajikistan
74%
Thailand
74%
Togo
74%
Turkey
74%
Ukraine
74%
Uzbekistan
74%
Venezuela
74%
Yemen
74%
Zimbabwe
74%
Bahamas
68%
Bahrain
68%
Barbados
68%
Burkina Faso
68%
Burundi
68%
Costa Rica
68%
Cyprus
68%
Dominica
68%
El Salvador
68%
Equatorial Guinea
68%
Eswatini
68%
Fiji
68%
Gabon
68%
Gambia
68%
Ghana
68%
Guatemala
68%
Guinea Bissau
68%
Haiti
68%
Indonesia
68%
Ivory Coast
68%
Jamaica
68%
Kuwait
68%
Lebanon
68%
Liberia
68%
Liechtenstein
68%
Malaysia
68%
Malta
68%
Mauritania
68%
Mauritius
68%
Moldova
68%
Montenegro
68%
Mozambique
68%
Namibia
68%
Nepal
68%
Oman
68%
Qatar
68%
Rwanda
68%
Senegal
68%
Seychelles
68%
Solomon Islands
68%
St. Kitts and Nevis
68%
St. Lucia
68%
St. Vincent and Grenadines
68%
Tanzania
68%
Tunisia
68%
Uganda
68%
United Arab Emirates
68%
Zambia
68%
Antigua and Barbuda
63%
Cape Verde
63%
Eritrea
63%
Iceland
63%
Kiribati
63%
Monaco
63%
Nauru
63%
North Macedonia
63%
Palau
63%
Papua New Guinea
63%
San Marino
63%
São Tomé and Príncipe
63%
Sierra Leone
63%
Tonga
63%
Vanuatu
63%
Brunei
58%
Fed. States of Micronesia
58%
Marshall Islands
58%
Philippines
58%
Samoa
58%
Sri Lanka
58%
Trinidad and Tobago
58%
Vatican City
58%
Grenada
53%
Madagascar
53%
Singapore
53%
East Timor
47%
No matching quizzes found
Score Distribution
Percent of People with Each Score
Percentile by Number Answered
Your Score History
You have not taken this quiz since the last reset